Henan Province Quiz - Statistics

General Stats
  • This quiz has been taken 58 times
    52 since last reset
  • The average score is 7 of 11
Answer Stats
Hint Answer % Correct
Capital city {Zheng}zhou
100%
"Henan" means "South of the River". Which river? Yellow River
97%
One of the four great Ancient Capitals of China Luoyang
84%
This religious figure is honored with the second-tallest statue in the world Buddha
81%
In 166 AD, ambassadors from this Empire first reached China in Henan Roman Empire
78%
Monastery where a variety of Kung Fu originated Shaolin
78%
Henan was one of the worst affected provinces of this 1958-62 program Great Leap Forward
70%
This religious group has been present in Kaifeng since at least the 10th century Jews
57%
Yu involves sentimental arias and colorful costumes. What is yu? A form of opera
43%
This martial art, also known as "shadowboxing", probably developed in Henan Tai chi
32%
Henan has many of these prayer places exlusively for women Mosques
27%
No matching quizzes found
Score Distribution
Percent of People with Each Score
Percentile by Number Answered
Your Score History
You have not taken this quiz since the last reset